000 01228nam a2200337 a 4500
001 000113092
003 CHAP
005 20220329144338.0
008 170420s2016 mx sm |||||||spa d
010 _a109553
011 _a110525
040 _cCHAP
090 _aTesis
100 1 _aAlfaro Velasco, José Radai
_9131930
245 1 0 _aEstimación de contenido de humedad para determinar el momento del riego con un módulo de monitoreo
_h[En línea]
_cpor José Radai Alfaro Velasco.
260 _aChapingo, Méx. :
_bEl autor,
_c2016.
500 _aPara ver el contenido del material haga clic en la liga
502 _aTesis (Ing. en Irrigación) -- UACH. Departamento de Irrigación
590 _aBATCH-UPD
_b05
_c20170420
_lUCH01
_h0923
590 _aBATCH
_b00
_c20181121
_lUCH01
_h0758
590 _aE5765TAJ
_b05
_c20170420
_lUCH01
_h0922
590 _aE5765TAJ
_b05
_c20170420
_lUCH01
_h0922
650 1 4 _aSensores de humedad de suelo
_xAnálisis.
_9131932
650 1 4 _aSuelos
_xBalance hídrico.
_9110215
650 1 4 _aSuelos
_xHumedad
_xMedición.
_9128690
856 _a1
_n0000213
856 _aFinding aid
_uhttp://10.13.5.2/tesis/sist113092.pdf
_zTeclea aquí
901 _aBK
942 _cTESIS
942 _n0
999 _c109553
_d109553